000 00279nam a2200145Ia 4500
100 _aLombardo
650 _aAircraft
942 _cBK
366 _f20
654 _aAircraft
245 _aAircraft systems
260 _b#N/A
082 _bLOM
546 _aENGLISH
_cInfo.Tech
999 _c28103
_d28103